Oscar Winning Actresses # 2- Sudden Death - Statistics

General Stats
  • This quiz has been taken 981 times
  • The average score is 9 of 24
Answers on the Grid
Answers color-coded by a green-red scale on the quiz's grid according to % correct below.
Anjelica Huston
Annette Bening
Barbra Streisand
Bette Davis
Bette Midler
Brie Larson
Carey Mulligan
Catherine Zeta-Jones
Charlize Theron
Debra Winger
Doris Day
Emily Blunt
Florence Pugh
Ginger Rogers
Gwyneth Paltrow
Jane Fonda
Jennifer Connelly
Joan Cusack
Judy Garland
Julia Roberts
Julie Andrews
Julie Walters
Lady Gaga
Marion Cotillard
Marisa Tomei
Marlene Dietrich
Minnie Driver
Natalie Portman
Nicole Kidman
Patricia Arquette
Reese Witherspoon
Renée Zellweger
Sandra Bullock
Saoirse Ronan
Shirley MacLaine
Sophia Loren
Susan Sarandon
Thelma Ritter
Tilda Swinton
Winona Ryder
 
Answer Stats
Answer % Correct
Funny Girl (1969) Barbra Streisand
54%
Erin Brockovich (2001) Julia Roberts
52%
Room (2016) Brie Larson
51%
Monster (2004) Charlize Theron
50%
Dangerous (1936)
Jezebel (1939)
Bette Davis
49%
Shakespeare in Love (1999) Gwyneth Paltrow
46%
Black Swan (2011) Natalie Portman
46%
The Hours (2003) Nicole Kidman
43%
The Blind Side (2010) Sandra Bullock
43%
Cold Mountain (2004)
Judy (2020)
Renée Zellweger
41%
Chicago (2003) Catherine Zeta-Jones
40%
Klute (1972)
Coming Home (1979)
Jane Fonda
40%
Mary Poppins (1965) Julie Andrews
38%
Walk the Line (2006) Reese Witherspoon
38%
Dead Man Walking (1996) Susan Sarandon
36%
Prizzi's Honor (1986) Anjelica Huston
35%
La Vie En Rose (2008) Marion Cotillard
33%
My Cousin Vinny (1993) Marisa Tomei
31%
Terms of Endearment (1984) Shirley MacLaine
31%
Michael Clayton (2008) Tilda Swinton
29%
Two Women (1962) Sophia Loren
28%
Boyhood (2015) Patricia Arquette
23%
A Beautiful Mind (2002) Jennifer Connelly
22%
Kitty Foyle (1941) Ginger Rogers
19%
No matching quizzes found
Score Distribution
Percent of People with Each Score
Percentile by Number Answered
Your Score History
You have not taken this quiz